Misioneros agustinos en el extremo oriente: 1565-1780
Salvato in:
| Autore principale: | |
|---|---|
| Natura: | Libro |
| Lingua: | spagnolo |
| Pubblicazione: |
Madrid
Instituto Santo Toribio de Mogroviejo
1954
|
| Serie: | Missionalica Hispánica, 6
|
| Soggetti: | |
| Tags: |
Aggiungi Tag
Nessun Tag, puoi essere il primo ad aggiungerne!!
|
MARC
| LEADER | 00000nam a2200000 a 4500 | ||
|---|---|---|---|
| 001 | UCP4653 | ||
| 003 | CL-VaPUC | ||
| 008 | 990806e19540000SP |||||||||||||||||spa|d | ||
| 082 | 0 | 4 | |a 266.023 |b CAS |2 21 |
| 100 | 0 | |a Castro, Agustín María de |e author |9 432289 | |
| 245 | 1 | 0 | |a Misioneros agustinos en el extremo oriente: 1565-1780 |
| 246 | 1 | 0 | |a Osario venerable |
| 300 | |a 518 p | ||
| 942 | |c BK | ||
| 945 | |d 19990806 00:00:00 |a crobeson | ||
| 260 | |a Madrid |b Instituto Santo Toribio de Mogroviejo |c 1954 | ||
| 650 | 7 | |a MISIONES RELIGIOSAS |2 CL-VaPUC |9 393449 | |
| 650 | 0 | |a Agustinos |9 323857 | |
| 650 | 7 | |a HISTORIA ECLESIASTICA |2 CL-VaPUC |9 432290 | |
| 651 | 7 | |a ISLAS FILIPINAS |2 CL-VaPUC |9 432291 | |
| 583 | |a last modification |c 20130913 05:25:15 |k Rodrigo Vera | ||
| 490 | 0 | |a Missionalica Hispánica, 6 | |
| 999 | |c 282559 |d 282557 | ||
| 952 | |0 0 |1 0 |4 0 |6 266_023000000000000_CAS_1954 |7 0 |8 A |9 324412 |a BIBHIS |b BIBHIS |d 2019-11-20 |i 1355406 |o 266.023 CAS 1954 |p 1355406 |r 2025-01-20 |w 2019-11-20 |y BK |k HIS | ||